| Tag |
First Indicator |
Second Indicator |
Subfields |
| LEADER |
00000cam a2200000 a 4500 |
| 001 |
in00000083474 |
| 005 |
20151008061307.0 |
| 008 |
811123s1981 nyua c 00000 eng |
| 010 |
|
|
|a 80054676
|
| 020 |
|
|
|a 0847803732 (pbk.)
|
| 035 |
|
|
|a (OCoLC)08032590
|
| 035 |
|
|
|9 AAJ7749AM
|
| 039 |
0 |
|
|a 2
|b 3
|c 3
|d 3
|e 3
|
| 040 |
|
|
|a DLC
|c DLC
|d TXA
|d UtOrBLW
|
| 043 |
|
|
|a n-us---
|
| 049 |
|
|
|a TXAM
|c [1196759]
|
| 050 |
0 |
0 |
|a NK1535.V53
|b A4 1981
|
| 082 |
0 |
|
|a 745.4/4922
|2 19
|
| 245 |
0 |
0 |
|a Design, Vignelli.
|
| 264 |
|
1 |
|a New York :
|b Rizzoli,
|c 1981.
|
| 300 |
|
|
|a 84 pages :
|b chiefly illustrations ;
|c 24 cm.
|
| 336 |
|
|
|a text
|b txt
|2 rdacontent
|
| 337 |
|
|
|a unmediated
|b n
|2 rdamedia
|
| 338 |
|
|
|a volume
|b nc
|2 rdacarrier
|
| 500 |
|
|
|a Originally published as the catalog of an exhibition held in 1980 at the Parsons School of Design, New York City, and subsequently at the Padiglione d'arte contemporanea, Milan, Italy.
|
| 600 |
1 |
0 |
|a Vignelli, Massimo
|x Exhibitions.
|
| 600 |
1 |
0 |
|a Vignelli, Lella
|x Exhibitions.
|
| 650 |
|
0 |
|a Design
|z United States
|x History
|y 20th century
|z United States
|x Exhibitions.
|
| 700 |
1 |
|
|a Vignelli, Massimo.
|
| 700 |
1 |
|
|a Vignelli, Lella.
|
| 710 |
2 |
|
|a Parsons School of Design.
|
| 710 |
2 |
|
|a Padiglione d'arte contemporanea (Milan, Italy)
|
| 999 |
|
|
|a MARS
|
| 999 |
f |
f |
|s bee0d4ad-abd9-3b10-b54c-db8ebfde8271
|i 3c9f463f-5da7-3c9e-a7a0-0d1a2bd888f3
|t 0
|
| 952 |
f |
f |
|p normal
|a Texas A&M University
|b College Station
|c Sterling C. Evans Library
|d Evans: Library Stacks
|t 0
|e NK1535.V53 A4 1981
|h Library of Congress classification
|i unmediated -- volume
|m A14806170533
|
| 998 |
f |
f |
|a NK1535.V53 A4 1981
|t 0
|l Evans: Library Stacks
|